书目信息 |
| 题名: |
与物理学家一起看电影
|
|
| 作者: | 郑载承 著 ;陈利刚 , 王超 译 | |
| 分册: | ||
| 出版信息: | 海口 海南出版社 2003 |
|
| 页数: | 315页 | |
| 开本: | 21cm | |
| 丛书名: | ||
| 单 册: | ||
| 中图分类: | J905.1 , O4-49 | |
| 科图分类: | ||
| 主题词: | 电影--鉴赏--世界 , 物理学--普及读物 | |
| 电子资源: | ||
| ISBN: | 7-5443-0787-5 | |
| 000 | 00960nam0 2200277 450 | |
| 001 | 1553697473 | |
| 005 | 20150118145520.45 | |
| 010 | @a7-5443-0787-5@dCNY22.00 | |
| 100 | @a20040309d2003 em y0chiy50 ea | |
| 101 | 1 | @achi@ckor |
| 102 | @aCN@b460000 | |
| 105 | @aa z 000yy | |
| 200 | 1 | @a与物理学家一起看电影@9yu wu li xue jia yi qi kan dian ying@f(韩)郑载承著@g陈利刚,王超译 |
| 210 | @a海口@c海南出版社@d2003 | |
| 215 | @a315页@c照片,图@d21cm | |
| 300 | @a韩流科普:看电影·学科学 光明书架 | |
| 330 | @a本书浅显地解释了在艺术的宠儿电影中,科学是如何被使用的。分析了电影如何歪曲科学事实和犯了哪些常识性错误,拓展了科学知识的运用。 | |
| 606 | 0 | @a电影@x鉴赏@y世界 |
| 606 | 0 | @a物理学@j普及读物 |
| 690 | @aJ905.1@v5 | |
| 690 | @aO4-49@v5 | |
| 701 | 0 | @c(韩)@a郑载承@9zheng zai cheng@f(1972~)@4著 |
| 702 | 0 | @a陈利刚@9chen li gang@4译 |
| 702 | 0 | @a王超@9wang chao@c(翻译)@4译 |
| 801 | 0 | @aCN@bTSSF@c20150118 |
| 905 | @aZUCC@dJ905.1@eJY39 | |
| 与物理学家一起看电影/(韩)郑载承著/陈利刚,王超译.-海口:海南出版社,2003 |
| 315页:照片,图;21cm |
| 韩流科普:看电影·学科学 光明书架 |
| ISBN 7-5443-0787-5:CNY22.00 |
| 本书浅显地解释了在艺术的宠儿电影中,科学是如何被使用的。分析了电影如何歪曲科学事实和犯了哪些常识性错误,拓展了科学知识的运用。 |
| ● |
| 相关链接 |
|
|
|
|
正题名:与物理学家一起看电影
索取号:J905.1/JY39
 
预约/预借
| 序号 | 登录号 | 条形码 | 馆藏地/架位号 | 状态 | 备注 |
| 1 | 7848756 | 278487567 | 学院路分馆/ [索取号:J905.1/JY39] | 在馆 | |
| 2 | 7848757 | 278487576 | 学院路分馆/ [索取号:J905.1/JY39] | 在馆 |